| 000 | 00407nam a2200145 u 4500 | ||
|---|---|---|---|
| 001 | 000020394 | ||
| 005 | 20200929170410.0 | ||
| 008 | 100813s1970 000 0 spa d | ||
| 040 |
_aDO-SdBNP _bspa _cBNPHU |
||
| 082 |
_axxx _bxxxx |
||
| 100 | 1 |
_aMiller, James E. _943057 |
|
| 245 | 1 | 0 |
_aSemblanza de Walt Whitman. / _cJames E. Miller. |
| 260 |
_aArgentina, : _bPax Mexico, _c1970. |
||
| 300 |
_a211 p. ; _c27 cm. |
||
| 999 |
_c19898 _d19898 |
||